000 00505nam a2200181Ia 4500
003 GCL
008 140319s9999 xx 000 0 ara d
040 _aGCL /
_cGCL
082 0 4 _a137
_bى ش
100 1 _aيوسف ميخائيل اسعد
245 1 0 _aالشخصية المحبوبة /
_cيوسف ميخائيل اسعد
300 _a249 ص
490 _aكتاب
_v0
650 0 4 _aعلم النفس
650 0 4 _aالشخصية
650 0 4 _aالانفعالات النفسية
942 _2ddc
_cBK
999 _c41902
_d41902